01009nam a2200289 i 450000100060000000300090000600500170001500700030003200800410003502000180007608000110009408000100010508000140011510000320012924501160016126000360027730000220031349000550033550400340039065000220042465000210044665000280046783000630049585200220055899900170058095201220059791664ES-MaACL20230906180759.0t|050204s2004 sp ||||1| spa d a84-9756-188-0 a316.62 a179.8 a159.964.21 aPereña, Francisco.99051210aDe la violencia a la crueldad : bensayo sobre la interpretación, el padre y la mujer / cFrancisco Pereña. aMadrid : bSíntesis, c[2004] a218 p. ; c22 cm.1 aPsicoanálisis. Clínica psicoanalítica ; v18 aBibliografía: p. [213]-218. 4aViolencia.917812 4aCrueldad.911461 4aPsicoanálisis.9165301 aPsicoanálisis. Clínica psicoanalítica ; v1892319894 aES-MaACLjL-28810 c91664d91664 00104070aATENEOMbATENEOMcDEPO2d2008-01-17eSCl0oL-28810p1095702r2023-02-23 00:00:00w2023-02-23yMONOGRAFIA